Lanean...

യഹൂദ സാഹിത്യചരിത്രം

Xehetasun bibliografikoak
Egile Nagusiak: കൃഷ്ണചൈതന്യ, Krishna Chaithanya
Formatua: Printed Book
Argitaratua: Kottayam; SPCS;
Gaiak:
LEADER 00670nam a22001697a 4500
082 |a 809  |b KRI/Y  
100 |a കൃഷ്ണചൈതന്യ  |9 262846 
100 |a Krishna Chaithanya  |9 262847 
240 |a Yahooda Sahithya Charithram 
245 |a യഹൂദ സാഹിത്യചരിത്രം  
260 |a Kottayam;  |b SPCS; 
300 |a 228p. 
650 |a മലയാളം; സാഹിത്യചരിത്രം   |9 262848 
650 |a Malayalam; Literary History  |9 262849 
942 |c BK 
999 |c 72874  |d 72874 
952 |0 0  |1 0  |4 0  |6 809_000000000000000_KRI_Y  |7 0  |8 LH  |9 85991  |a MAL  |b MAL  |d 2017-01-16  |e 6328  |g 3.50  |l 0  |o 809 KRI/Y  |p MAL006328  |r 2017-01-16  |t 1  |w 2017-01-16  |y BK